Erfolgreichste Nationen bei Alpinen Ski WM´s - Statistiken

Allgemein
  • Dieses Quiz wurde 6.190 mal gespielt
    5.412 seit der letzten Aktualisierung
  • Das Durchschnittsergebnis liegt bei 18 aus 23
Antwortstatistiken
Rang Land Gold Silber Bronze % Korrekt
4. Deutschland 35 38 48
99%
1. Österreich 103 110 103
99%
2. Schweiz 77 78 63
99%
6. Norwegen 27 24 23
97%
8. Schweden 17 11 22
97%
5. Vereinigte Staaten 33 28 38
97%
3. Frankreich 48 52 38
95%
16. Finnland 1 2 2
94%
7. Italien 26 27 27
94%
9. Kanada 16 8 9
92%
21. Polen 0 1 1
82%
10. Slowenien 6 6 2
81%
19. Spanien 1 0 1
81%
18. Tschechien 1 1 3
81%
21. Japan 0 1 1
80%
17. Slowakei 1 4 1
76%
11. Kroatien 6 2 2
67%
13. Großbritannien 4 4 3
62%
12. Liechtenstein 5 9 7
54%
19. Australien 1 0 1
49%
13. Luxemburg 4 4 3
42%
23. Griechenland 0 1 0
38%
23. Neuseeland 0 1 0
38%
Keine übereinstimmenden Quizze gefunden
Verteilung der Resultate
Anzahl Personen mit jedem Resultat
Perzentil nach korrekt beantworteten Fragen
Ihre Resultats-Entwicklung
Sie haben dieses Quiz seit der letzten Aktualisierung nicht gespielt